| 000 | 00647nam a22001817a 4500 | ||
|---|---|---|---|
| 005 | 20111222113610.0 | ||
| 020 |
_a9788189934538 _c295.00 |
||
| 037 | _bPUB | ||
| 100 |
_aDharmarajan, Geeta _937410 |
||
| 245 |
_aDinosaur-long-as-127-kids / _cby Geeta Dharmarajan; art by Rajiv Eipe |
||
| 260 |
_aNew Delhi _bKatha _c2010 |
||
| 270 |
_aA3 Sarvodaya Enclave, Sri Aurobindo Marg, _bNew Delhi _e110017 |
||
| 300 |
_aunpages _bill. _c26cm(Hb) |
||
| 500 | _aThe Katha Chitrakala 2009 grand prize winner | ||
| 700 |
_a Eipe, Rajiv _937407 |
||
| 942 |
_2ddc _cCH _mDHA |
||
| 999 |
_c59848 _d59848 |
||